Warblers of North America - Statistics

General Stats
  • This quiz has been taken 223 times
  • The average score is 27 of 36
Answer Stats
Picture Answer % Correct
Yellow
95%
American Redstart
90%
Common Yellowthroat
89%
Black-and-white
88%
Magnolia
87%
Ovenbird
84%
Hooded
83%
Yellow-rumped
83%
Blackburnian
82%
Cerulean
81%
Black-throated Blue
80%
Chestnut-sided
80%
Palm
80%
Northern Parula
79%
Prothonotary
78%
Blackpoll
76%
Nashville
76%
Black-throated Green
75%
Northern Waterthrush
75%
Worm-eating
75%
Canada
74%
Cape May
72%
Yellow-throated
71%
Bay-breasted
70%
Blue-winged
70%
Prairie
69%
Yellow-breasted Chat
69%
Golden-winged
65%
Kentucky
65%
Wilson's
63%
Mourning
60%
Black-throated Gray
59%
Kirtland's
57%
Townsend's
56%
Lucy's
49%
Hermit
48%
No matching quizzes found
Score Distribution
Percent of People with Each Score
Percentile by Number Answered
Your Score History
You have not taken this quiz